| 000 | 00475nam a2200181Ia 4500 | ||
|---|---|---|---|
| 005 | 20250508150944.0 | ||
| 008 | 008 250505s9999 xx 000 0 eng d | ||
| 037 | _aBooks to be hide in OPAC | ||
| 040 |
_aFEDL _beng _cFEDL |
||
| 041 |
_aeng _2eng |
||
| 084 |
_a001, INC _qFEDL |
||
| 100 | _aFraser Russell | ||
| 245 | 0 | _aIncidence of neurosis among factory workers | |
| 260 | _c1947 | ||
| 300 | _a66p | ||
| 942 |
_cHB _h001, INC |
||
| 999 |
_c1326704 _d1326704 |
||